Советская поэзия 1917-1929 годов: Сборник : Для старшего школьного возраста

Manylion Llyfryddiaeth
Awduron Eraill: Владимирский А. (составитель), Ременник А. (иллюстратор)
Iaith:Rwseg
Cyhoeddwyd: Москва, Советская Россия, 1986
Cyfres:Школьная библиотека
Pynciau:
Fformat: MixedMaterials Llyfr
KOHA link:https://koha.lib.tpu.ru/cgi-bin/koha/opac-detail.pl?biblionumber=123287

MARC

LEADER 00000nam0a2200000 4500
001 123287
005 20231031130432.0
020 |a RU  |b 87-916 
035 |a (RuTPU)RU\TPU\book\133464 
090 |a 123287 
100 |a 20071015d1986 d y0rusy5003 ca 
101 0 |a rus 
102 |a RU 
105 |a a z 000gy 
200 1 |a Советская поэзия 1917-1929 годов  |e Сборник : Для старшего школьного возраста  |f сост., вступ. ст. А. Владимирский; худож. А. Ременник 
210 |a Москва  |c Советская Россия  |d 1986 
215 |a 272 с.  |d 22 см  |c ил. 
225 1 |a Школьная библиотека 
327 1 |a Содерж.: Авт.: В. Маяковский, А. Блок, В. Брюсов, С. Есенин, В. Александровский, П. Антокольский, Н. Асеев, А. Ахматова, Э. Багрицкий, Д. Бедный и др. 
610 1 |a советская литература 
610 1 |a сборники 
610 1 |a стихи 
610 1 |a поэмы 
675 |a Р2  |z rus 
702 1 |a Владимирский  |b А.  |4 220 
702 1 |a Ременник  |b А.  |4 440 
801 0 |a RU  |b RuMRKP  |c 19950417  |g psbo 
801 1 |a RU  |b 63413507  |c 20071015  |g PSBO 
801 2 |a RU  |b 63413507  |c 20071015  |g PSBO 
942 |c BK